Introduction to mathematical methods in physics /
Spremljeno u:
| Glavni autor: | |
|---|---|
| Format: | Sách giấy |
| Jezik: | English |
| Izdano: |
Iowa :
Wm.C.Brown pub ,
1994
|
| Oznake: |
Dodaj oznaku
Bez oznaka, Budi prvi tko označuje ovaj zapis!
|
| Thư viện lưu trữ: | Thư viện Trường Đại học Đà Lạt |
|---|
| LEADER | 00572nam a2200241 4500 | ||
|---|---|---|---|
| 001 | DLU020017944 | ||
| 005 | ##5/7/2001 | ||
| 020 | # | # | |a 978- |
| 041 | # | # | |a eng |
| 082 | # | # | |a 530.15 |b FL-G |
| 100 | # | # | |a Fletcher, Glenn |
| 245 | # | # | |a Introduction to mathematical methods in physics / |c Glenn Fletcher |
| 260 | # | # | |a Iowa : |b Wm.C.Brown pub , |c 1994 |
| 300 | # | # | |a 566 tr., VIII; |c 24 cm. |
| 992 | # | # | |a 420660 |
| 994 | # | # | |a DLU |
| 900 | # | # | |a False |
| 911 | # | # | |a Administrator |
| 925 | # | # | |a G |
| 926 | # | # | |a A |
| 927 | # | # | |a SH |
| 980 | # | # | |a Thư viện Trường Đại học Đà Lạt |